000 00411nam a2200169 a 4500
001 0000-8768
003 ELIB.Books
008 110520 1997
035 _a(ELIB.Books)0000-8914
082 _a221.823
_bSPC
100 _aSPCK
245 _aTheology of the old testament
260 _bLondon: S.P.C,K
_c1997
650 _aOld Testament
942 _2ddc
_cBK
998 _cbat
_e2011-05-20
999 _c8768
_d8768